00652 a2200193 4500999001700000003000500017005001700022008004100039020001500080020001800095082000800113100002500121245007900146260005800225300002100283700002500304942002700329952010200356 c29851d29851NUST20180118122754.0180118b xxu||||| |||| 00| 0 eng d a9812706453 a9789812706454 a5301 aHuang, Kerson.9865410aFundamental forces of nature :bthe story of gauge fields /cKerson Huang. a[S.l.] :bWorld Scientific Publishing Company,c2007. a284 p. ;c23 cm. aHuang, Kerson.98654 aSNScBKk530 HUA2ddc 00104070aSNSbSNSd2016-05-26l1o530 HUApSNS0001439r2019-01-30s2019-01-28w2016-05-26yBK